| 000 | 00781nam a22002297a 4500 | ||
|---|---|---|---|
| 003 | UA-OsUOA | ||
| 001 | 68054 | ||
| 007 | ta | ||
| 008 | 20100329b un ||||| |||| 00| 0 ukr d | ||
| 090 |
_a811.124'373.4(038) _bЛ27 |
||
| 942 | _cBK | ||
| 040 |
_aUA-OsUOA _bukr _cUA-OsUOA _dUA-OsUOA |
||
| 245 |
_aЛатинська фразеологія _bнавчальний посібник: словник-довідник _cавт.-уклад. Осипов П. І. |
||
| 300 | _a344 с. | ||
| 955 | _a2 | ||
| 041 | _aukr | ||
| 080 | _a811.124'373.4(038) | ||
| 020 | _a978-966-8226-82-3 | ||
| 260 |
_aК. _bАкадемвидав _c2009 |
||
| 650 | 7 |
_a8 Мовознавство. Художня література. Літературознавство _2UDC |
|
| 999 |
_c354183 _d354183 |
||